00788 2200193 4500001002100000005001700021008004100038035002400079082001100103090002000114100002000134245021200154260005900366300003900425500004900464504002700513650003600540990001800576YOGYA-0213000000123320130227134426.0 ind  0010-021300000001233 a621.07 aSK 621.07 Sya P aSYAMSUL HIDAYAT aPengaruh kreatifitas dan cara belajar keteknikan terhadap prestasi belajar keotomotifan pada siswa kalas II jurusan otomotif SMK Muhammadiyah Piyungan Bantul Yogyakarta tahun ajaran 1998/1999/Syamsul Hidayat aYogyakartabUniversitas Sarjanawiyata Tamansiswac2000 axiv, 77(35) lbrbilus, lampc29 cm aSkripsi Universitas Sarjanawiyata Tamansiswa aBibliografi: lbr 78-79 aPermesinan-studi dan pengajaran a44169-PD/A.12